A new nationalist Europe under Hitler
| Titel: | A new nationalist Europe under Hitler : concepts of Europe and transnational networks in the National Socialist sphere of influence, 1933-1945 / edited by Johannes Dafinger and Dieter Pohl |
|---|---|
| Beteiligt: | ; |
| Körperschaft: | |
| Veröffentlicht: | London; New York : Routledge, Taylor & Francis Group, 2019 |
| Umfang: | xviii, 305 Seiten |
| Format: | Buch |
| Sprache: | Englisch |
| Schriftenreihe/ mehrbändiges Werk: |
Routledge Studies in Second World War history |
| RVK-Notation: | |
| Andere Ausgaben: |
Erscheint auch als Online-Ausgabe: A new nationalist Europe under Hitler. - 2018. - Online-Ressource
|
| ISBN: | 9781138078956 ; 9781315114446 |
alg: 43535523 001A $03077:29-08-18 001B $01999:09-05-25 $t18:46:31.000 001D $00026:20-02-20 001U $0utf8 001X $00 002@ $0Aau 002C $aText $btxt $2rdacontent 002D $aohne Hilfsmittel zu benutzen $bn $2rdamedia 002E $aBand $bnc $2rdacarrier 003@ $0435355236 003O $01050321094 $aOCoLC 004A $A978-1-138-07895-6 $f(hbk.) : £ 115.00 004O $A978-1-315-11444-6 $So $febk 007A $0508539609 $aBSZ 010@ $aeng 010E $erda 011@ $a2019 013D $RWissenschaftliche Literatur $RAufsatzsammlung $#Konferenzbericht $71071861417 $8Konferenzschrift [Tsz] $9359646190 $y2013 $zKlagenfurt 021A $aA @new nationalist Europe under Hitler $dconcepts of Europe and transnational networks in the National Socialist sphere of influence, 1933-1945 $hedited by Johannes Dafinger and Dieter Pohl 028C $BHerausgeber $4edt $71167354591 $8Dafinger, Johannes [Tp3] $9436718413 028C $BHerausgeber $4edt $7128495669 $8Pohl, Dieter$Z1964- [Tp1] $9158992598 029F $BVeranstalter $RUniversität Klagenfurt $RUniversität Klagenfurt $#Alpen-Adria-Universität Klagenfurt, Wien, Graz $#Alpen-Adria-Universität Klagenfurt Wien Graz $#Alpen-Adria-Universität $#Alps-Adria-University Klagenfurt $#Universität Klagenfurt 2004-2021 $#AAU $4orm $71083300504 $8Alpen-Adria-Universität Klagenfurt [Tb1] $9370540204 033A $pLondon $pNew York $nRoutledge, Taylor & Francis Group 034D $axviii, 305 Seiten 036E $aRoutledge Studies in Second World War history 037A $a"The chapters published in this book were first presented and discussed during a conference at the Alpen-Adria-Universität Klagenfurt in July 2013." - Acknowledgements 037A $aLiteraturangaben 039D $aErscheint auch als $tA @new nationalist Europe under Hitler $f2018 $hOnline-Ressource $z9781315114446 $nOnline-Ausgabe 044K $#Abendland $#Okzident $74015701-5 $8Europa [Tgz] $908503617X 044K $RFaschismus $RDrittes Reich $#National socialism $#National-socialisme $#Nazionalsocialismo $#Nacionalsocialismo $#National Socialism $#Faschismus $#Nationalsozialismus $#NS $74041316-0 $8Nationalsozialismus [Tsz] $908511314X 044K $RIdeologie $RRechtsradikalismus $RAntifaschismus $RFaschist $#Fascism $#Fascisme $#Fascismo $#Faschismus $#Faschismus $#Faschistisches System/Faschistische Gesellschaft $74016494-9 $8Faschismus [Ts1] $9085038679 044K $RKooperation $#International cooperation $#Coopération internationale $#international cooperation $#Internationale Zusammenarbeit $#internationale Zusammenarbeit $#Internationale Besuche/Begegnungen $#Internationale Partnerschaft $#Internationale projektbezogene Zusammenarbeit $#Internationale Verhandlungen $#Internationale Zusammenarbeit $#Internationale Beziehungen Kooperation $#Internationale Zusammenarbeit $74120503-0 $8Internationale Kooperation [Ts1] $9085385085 045R $aGeschichte 1933-1945 045Z $8NQ 2380 [Tkv] $9410912298 lok: 43535523 78 exp: 43535523 78 1 #EPN 201B/01 $007-05-19 $t08:54:49.000 201C/01 $007-05-19 201U/01 $0utf8 203@/01 $01050746473 208@/01 $a07-05-19 $be 209A/01 $a/ $f000 $x00 209A/01 $ab*p $x01 220C/01 $apgar 247C/01 $82080>Marburg/Lahn, Herder-Institut, Forschungsbibliothek, Bibliographieportal $9336309341 lok: 43535523 204 exp: 43535523 204 1 #EPN 201B/01 $001-02-22 $t09:15:00.000 201C/01 $029-01-20 201U/01 $0utf8 203@/01 $01077641702 208@/01 $a24-02-20 $bzUB 209A/01 $a000 NQ 2380 D124 $dg $f000 $x00 209G/01 $a63795615 $x00 209G/01 $ahap10510113 $x01 245S/01 $a15000 $x01 247C/01 $8631000-x <26>Gießen, Universität Gießen, Universitätsbibliothek Gießen $9102596697 lok: 43535523 205 exp: 43535523 205 1 #EPN 201B/01 $020-04-20 $t15:53:49.000 201C/01 $020-04-20 201U/01 $0utf8 203@/01 $01101685492 208@/01 $a20-04-20 $bz 209A/01 $a001 NQ 2380 D124 $db $f000 $x00 209C/01 $a1 2020/04753 209C/01 $anel2004na 209G/01 $a56810030 $x00 247C/01 $8351000-1 <4>Marburg, Universität Marburg, Universitätsbibliothek $9102594767
| LEADER | 00000cam a2200000 c 4500 | ||
|---|---|---|---|
| 001 | 435355236 | ||
| 003 | DE-603 | ||
| 005 | 20250509184631.0 | ||
| 007 | tu | ||
| 008 | 180829s2019 xx |||| | u10||u|eng c | ||
| 020 | |a 9781138078956 |c (hbk.) : £ 115.00 | ||
| 035 | |a (DE-599)BSZ508539609 | ||
| 035 | |a (OCoLC)1050321094 | ||
| 040 | |a DE-603 |b ger |c DE-603 |d DE-603 |e rda | ||
| 041 | |a eng | ||
| 084 | |a NQ 2380 |0 (DE-625)128258: |0 (DE-603)410912298 |2 rvk | ||
| 245 | 0 | 0 | |a A new nationalist Europe under Hitler |b concepts of Europe and transnational networks in the National Socialist sphere of influence, 1933-1945 |c edited by Johannes Dafinger and Dieter Pohl |
| 264 | 1 | |a London |a New York |b Routledge, Taylor & Francis Group |c 2019 | |
| 300 | |a xviii, 305 Seiten | ||
| 336 | |a Text |b txt |2 rdacontent | ||
| 337 | |a ohne Hilfsmittel zu benutzen |b n |2 rdamedia | ||
| 338 | |a Band |b nc |2 rdacarrier | ||
| 490 | 0 | |a Routledge Studies in Second World War history | |
| 500 | |a "The chapters published in this book were first presented and discussed during a conference at the Alpen-Adria-Universität Klagenfurt in July 2013." - Acknowledgements | ||
| 500 | |a Literaturangaben | ||
| 648 | 7 | |a Geschichte 1933-1945 |2 gnd | |
| 650 | 7 | |a Nationalsozialismus |0 (DE-588)4041316-0 |0 (DE-603)08511314X |2 gnd | |
| 650 | 7 | |a Faschismus |0 (DE-588)4016494-9 |0 (DE-603)085038679 |2 gnd | |
| 650 | 7 | |a Internationale Kooperation |0 (DE-588)4120503-0 |0 (DE-603)085385085 |2 gnd | |
| 651 | 7 | |a Europa |0 (DE-588)4015701-5 |0 (DE-603)08503617X |2 gnd | |
| 655 | 7 | |a Konferenzschrift |y 2013 |z Klagenfurt |2 gnd-content |0 (DE-588)1071861417 |0 (DE-603)359646190 | |
| 700 | 1 | |a Dafinger, Johannes |e Herausgeber |4 edt |0 (DE-603)436718413 |0 (DE-588)1167354591 |2 gnd | |
| 700 | 1 | |a Pohl, Dieter |d 1964- |e Herausgeber |4 edt |0 (DE-603)158992598 |0 (DE-588)128495669 |2 gnd | |
| 710 | 2 | |a Alpen-Adria-Universität Klagenfurt |e Veranstalter |4 orm |0 (DE-603)370540204 |0 (DE-588)1083300504 |2 gnd | |
| 776 | 0 | 8 | |i Erscheint auch als |n Online-Ausgabe |t A new nationalist Europe under Hitler |d 2018 |h Online-Ressource |z 9781315114446 |
| 776 | 1 | |z 9781315114446 | |
| 924 | 0 | |9 2080 |a (DE-603)1050746473 |b DE-2080 |c HES |d d |g / | |
| 924 | 0 | |9 26 |a (DE-603)1077641702 |b DE-26 |c HES |d d |g 000 NQ 2380 D124 |h hap10510113 | |
| 924 | 0 | |9 4 |a (DE-603)1101685492 |b DE-4 |c HES |d c |g 001 NQ 2380 D124 | |


